La lengua española en la historia de California : (Record no. 34236)
[ view plain ]
| 000 -LEADER | |
|---|---|
| campo de control de longitud fija | 00553nam a2200169 i 4500 |
| 001 - NÚMERO DE CONTROL | |
| campo de control | 34236 |
| 003 - IDENTIFICADOR DE NÚMERO DE CONTROL | |
| campo de control | ES-MaACL |
| 005 - FECHA Y HORA DE LA ÚLTIMA TRANSACCIÓN | |
| campo de control | 20230906154910.0 |
| 007 - CAMPO FIJO DE DESCRIPCIÓN FÍSICA--INFORMACIÓN GENERAL | |
| campo de control de longitud fija | t| |
| 008 - DATOS DE LONGITUD FIJA--INFORMACIÓN GENERAL | |
| campo de control de longitud fija | 030204s1971 sp ||||1| spa d |
| 100 1# - ENTRADA PRINCIPAL--NOMBRE DE PERSONA | |
| Nombre de persona | Blanco Sanchez, Antonio. |
| 9 (RLIN) | 29292 |
| 245 13 - MENCIÓN DEL TÍTULO | |
| Título | La lengua española en la historia de California : |
| Resto del título | contribución a su estudio / |
| Mención de responsabilidad, etc. | Antonio Blanco Sánchez. |
| 260 ## - PUBLICACIÓN, DISTRIBUCIÓN, ETC. | |
| Lugar de publicación, distribución, etc. | Madrid : |
| Nombre del editor, distribuidor, etc. | Cultura Hispánica, |
| Fecha de publicación, distribución, etc. | 1971. |
| 300 ## - DESCRIPCIÓN FÍSICA | |
| Extensión | 826 p. : |
| Otras características físicas | il. ; |
| Dimensiones | 27 cm. |
| 650 #4 - PUNTO DE ACCESO ADICIONAL DE MATERIA--TÉRMINO DE MATERIA | |
| Término de materia o nombre geográfico como elemento de entrada | Lengua española- |
| Subdivisión geográfica | Estados Unidos. |
| 9 (RLIN) | 14153 |
| 852 ## - LOCALIZACIÓN | |
| Ubicación | ES-MaACL |
| Número de control de estantería | C-43007 |
| Estatus retirado | Estado de pérdida | Estado de daño | No para préstamo | Biblioteca de origen | Biblioteca actual | Ubicación en estantería | Fecha de adquisición | Fuente de adquisición | Total de préstamos | Signatura topográfica completa | Código de barras | Visto por última vez | Precio de reemplazo | Tipo de ítem Koha |
|---|---|---|---|---|---|---|---|---|---|---|---|---|---|---|
| Biblioteca del Ateneo de Madrid | Biblioteca del Ateneo de Madrid | Depósito 2 | 17/01/2008 | C-43007 | 1035701 | 23/02/2023 | 23/02/2023 | Libro impreso |
